अनुवादशास्त्रः (व्यवहार से सिद्धान्त की ओर) / (Record no. 12014)

MARC details
000 -LEADER
fixed length control field 03717 a2200337 4500
005 - DATE AND TIME OF LATEST TRANSACTION
control field 20080827123630.0
008 - FIXED-LENGTH DATA ELEMENTS--GENERAL INFORMATION
fixed length control field 080827t xxu||||| |||| 00| 0 hin d
010 ## - LCCN (DPL NO)
LC control number HIN-83271 B-285864-871
020 ## - INTERNATIONAL STANDARD BOOK NUMBER
International Standard Book Number 9788179651506
Terms of availability 300.00
035 ## - SYSTEM CONTROL NUMBER
System control number HN-55617 B285864-871
037 ## - SOURCE OF ACQUISITION
Source of stock number/acquisition पु.प्र.अ.प्र/प्रका तक्षशिला प्रकाशन
040 ## - CATALOGING SOURCE
Original cataloging agency dpl
Language of cataloging HN
082 ## - DEWEY DECIMAL CLASSIFICATION NUMBER
Classification number 401.802
100 ## - MAIN ENTRY--PERSONAL NAME
Personal name पाँडे, हेमचन्द्र
245 ## - TITLE STATEMENT
Title अनुवादशास्त्रः (व्यवहार से सिद्धान्त की ओर) /
Statement of responsibility, etc हेमचन्द्र पाँडे
246 ## - VARYING FORM OF TITLE
Remainder of title by Hem Chandra Pande
Title proper/short title Anuvadshatra
260 ## - PUBLICATION, DISTRIBUTION, ETC. (IMPRINT)
Place of publication, distribution, etc नई दिल्ली
Name of publisher, distributor, etc तक्षशिला प्रकाशन
Date of publication, distribution, etc 2008
270 ## - ADDRESS
Address 98-ए, हिन्दी पार्क, दरियागंज
City नई दिल्ली
Postal code 110002
Telephone number 011- 23258802, 30128802
Fax number 011- 23258802
300 ## - PHYSICAL DESCRIPTION
Extent 173पृ
Dimensions 22 सेमी (सजिल्द)
942 ## - ADDED ENTRY ELEMENTS (KOHA)
Institution code [OBSOLETE] dpl
Item type Hindi Books
Source of classification or shelving scheme Dewey Decimal Classification
Classification part 401.802
Call number suffix पाँडेहे
Holdings
Withdrawn status Lost status Damaged status Not for loan Home library Current library Date acquired Cost, normal purchase price Total Checkouts Full call number Barcode Date last seen Copy number Cost, replacement price Koha item type Source of classification or shelving scheme Collection code Source of acquisition Total Renewals
        Andrews Gunj Andrews Gunj 01/04/2009 300.00   401.802 पाँडेहे B-285868 01/04/2009 1 300.00 Hindi Books Dewey Decimal Classification Non-fiction तक्षशिला प्रकाशन/243/8.9.08/294/4.9.08/16.9.08  
        Central Library Central Library 01/04/2009 300.00 6 401.802 पाँडेहे B-285864 11/03/2024 1 300.00 Hindi Books Dewey Decimal Classification Non-fiction तक्षशिला प्रकाशन/243/8.9.08/294/4.9.08/16.9.08 6
        D.B.Act.Division D.B.Act.Division   300.00   401.802 पाँडेहे HN-55617 15/09/2008 1 300.00 Hindi Books        
        Karol Bagh Karol Bagh 01/04/2009 300.00   401.802 पाँडेहे B-285870 01/04/2009 1 300.00 Hindi Books Dewey Decimal Classification Non-fiction तक्षशिला प्रकाशन/243/8.9.08/294/4.9.08/16.9.08  
        Patel Nagar Patel Nagar 01/04/2009 300.00 2 401.802 पाँडेहे B-285865 07/03/2023 1 300.00 Hindi Books Dewey Decimal Classification Non-fiction तक्षशिला प्रकाशन/243/8.9.08/294/4.9.08/16.9.08  
        R.K.Puram-8 R.K.Puram-8 01/04/2009 300.00 1 401.802 पाँडेहे B-285867 29/11/2018 1 300.00 Hindi Books Dewey Decimal Classification Non-fiction तक्षशिला प्रकाशन/243/8.9.08/294/4.9.08/16.9.08 1
        Sarojini Nagar Sarojini Nagar 01/04/2009 300.00 6 401.802 पाँडेहे B-285866 01/05/2013 1 300.00 Hindi Books Dewey Decimal Classification Non-fiction तक्षशिला प्रकाशन/243/8.9.08/294/4.9.08/16.9.08 1
        Shahdara Branch Shahdara Branch 01/04/2009 300.00 4 401.802 पाँडेहे B-285871 03/01/2023 1 300.00 Hindi Books Dewey Decimal Classification Non-fiction तक्षशिला प्रकाशन/243/8.9.08/294/4.9.08/16.9.08 4
        Sriniwas Puri Sriniwas Puri 01/04/2009 300.00   401.802 पाँडेहे B-285869 01/04/2009 1 300.00 Hindi Books Dewey Decimal Classification Non-fiction तक्षशिला प्रकाशन/243/8.9.08/294/4.9.08/16.9.08  

© Delhi Public Library
Hit Counter
free hit counter